[Event "CZE-chT2B 1920"]
[Site "Czech Republic"]
[Date "2019.12.01"]
[Round "4.3"]
[White "Klement, Lukas"]
[Black "Krutsky, Martin"]
[Result "1-0"]
[WhiteElo "2224"]
[BlackElo "2101"]
[PlyCount "69"]
[EventDate "2019.10.13"]
[EventType "team-tourn"]
[EventRounds "11"]
[EventCountry "CZE"]
[SourceTitle "EXT 2024"]
[Source "ChessBase"]
[SourceDate "2023.10.10"]
[SourceVersion "1"]
[SourceVersionDate "2023.10.10"]
[SourceQuality "1"]
[WhiteTeam "Podborany"]
[BlackTeam "Teplice"]
[WhiteTeamCountry "CZE"]
[BlackTeamCountry "CZE"]

1. d4 Nf6 2. c4 g6 3. g3 Bg7 4. Bg2 0-0 5. Nf3 d6 6. Nc3 Nc6 7. 0-0 a6 8. h3 Rb8 9. a3 b5 10. cxb5 axb5 11. b4 e5 12. dxe5 dxe5 13. Be3 Ne8 14. Qxd8 Nxd8 15. Ba7 Ra8 16. Bc5 e4 17. Nd4 f5 18. Ncxb5 Rf7 19. Rfd1 Ne6 20. Rac1 Bd7 21. Nxe6 Bxe6 22. Bd4 Bf8 23. Bb2 Rb8 24. Nd4 Bd7 25. Nc6 Bxc6 26. Rxc6 Bd6 27. e3 Kf8 28. Bf1 Ra8 29. Rd5 Nf6 30. Ra5 Rxa5 31. bxa5 Ne8 32. a6 Rd7 33. a7 Rd8 34. Bd4 Bxa3 35. Ra6 1-0

[Event "Klatovy op-A 24th"]
[Site "Klatovy"]
[Date "2018.07.02"]
[Round "3"]
[White "Krutsky, Martin"]
[Black "Svanda, Adam"]
[Result "1/2-1/2"]
[WhiteElo "2123"]
[BlackElo "1814"]
[PlyCount "112"]
[EventDate "2018.06.30"]
[EventType "swiss"]
[EventRounds "9"]
[EventCountry "CZE"]
[SourceTitle "CBM 185 Extra"]
[Source "ChessBase"]
[SourceDate "2018.07.29"]
[SourceVersion "1"]
[SourceVersionDate "2018.07.29"]
[SourceQuality "1"]

1. e4 c5 2. Nf3 e6 3. d4 cxd4 4. Nxd4 Nf6 5. Nc3 d6 6. Be3 a6 7. f3 b5 8. Qd2 Nbd7 9. g4 Nb6 10. a3 Bb7 11. 0-0-0 Rc8 12. h4 Nc4 13. Bxc4 Rxc4 14. h5 Qa5 15. Nb3 Qc7 16. g5 Nd7 17. Ne2 Ba8 18. Kb1 d5 19. g6 hxg6 20. hxg6 Rxh1 21. gxf7+ Kxf7 22. Rxh1 Nf6 23. exd5 Bxd5 24. Rh3 b4 25. a4 Bd6 26. Ned4 Qd7 27. Bg5 e5 28. Rh4 exd4 29. Bxf6 Kxf6 30. Na5 Rc5 31. Qxd4+ Kf7 32. Rg4 Kg8 33. Nb3 Bxb3 34. cxb3 Qe7 35. Ka2 Be5 36. Qxb4 a5 37. Qe4 Rc1 38. Qd5+ Kf8 39. Qa8+ Kf7 40. Qd5+ Kf6 41. b4 axb4 42. f4 Bc3 43. Qg5+ Kf7 44. Qxe7+ Kxe7 45. bxc3 Rxc3 46. Rxg7+ Kf6 47. Ra7 Kf5 48. Rb7 Ra3+ 49. Kb2 Rxa4 50. Rf7+ Ke6 51. Rf8 Ra5 52. Rb8 Ra3 53. Rxb4 Rf3 54. Kc2 Kf5 55. Kd2 Rxf4 56. Rxf4+ Kxf4 1/2-1/2

[Event "CZE-chT2B 1718"]
[Site "Czech Republic"]
[Date "2018.03.18"]
[Round "10.2"]
[White "Krutsky, Martin"]
[Black "Slovak, Kilian"]
[Result "1/2-1/2"]
[WhiteElo "2199"]
[BlackElo "2266"]
[PlyCount "62"]
[EventDate "2017.10.15"]
[EventType "team-tourn"]
[EventRounds "11"]
[EventCountry "CZE"]
[SourceTitle "EXT 2022"]
[Source "ChessBase"]
[SourceDate "2021.10.06"]
[SourceVersion "1"]
[SourceVersionDate "2021.10.06"]
[SourceQuality "1"]
[WhiteTeam "Teplice"]
[BlackTeam "Kobylisy"]
[WhiteTeamCountry "CZE"]
[BlackTeamCountry "CZE"]

1. e4 c5 2. Nf3 Nc6 3. d4 cxd4 4. Nxd4 Nf6 5. Nc3 e5 6. Ndb5 d6 7. Bg5 a6 8. Na3 b5 9. Nd5 Be7 10. Bxf6 Bxf6 11. c4 b4 12. Nc2 a5 13. Qf3 Be6 14. Rd1 a4 15. Be2 b3 16. axb3 Rb8 17. b4 Bxd5 18. Rxd5 Nxb4 19. Nxb4 Rxb4 20. Qa3 Qb6 21. 0-0 0-0 22. Rb5 Rxb5 23. cxb5 Qd4 24. Bf3 Rb8 25. b3 axb3 26. Qxb3 Bd8 27. Rd1 Qc5 28. Rd5 Qc1+ 29. Rd1 Qc5 30. Rd5 Qc1+ 31. Rd1 Qc5 1/2-1/2

[Event "Klatovy op-A 23rd"]
[Site "Klatovy"]
[Date "2017.07.03"]
[Round "3"]
[White "Krutsky, Martin"]
[Black "Burnett, Andrew"]
[Result "1-0"]
[WhiteElo "2045"]
[BlackElo "2211"]
[PlyCount "95"]
[EventDate "2017.07.01"]
[EventType "swiss"]
[EventRounds "9"]
[EventCountry "CZE"]
[SourceTitle "EXT 2018"]
[Source "ChessBase"]
[SourceDate "2017.10.13"]
[SourceVersion "1"]
[SourceVersionDate "2017.10.13"]
[SourceQuality "1"]

1. e4 c5 2. Nf3 d6 3. d4 Nf6 4. Nc3 cxd4 5. Nxd4 g6 6. Bc4 Bg7 7. 0-0 0-0 8. Re1 Nc6 9. Bb3 Bd7 10. Bg5 Nxd4 11. Qxd4 h6 12. Bh4 g5 13. Bg3 Nh5 14. Qd3 Nxg3 15. hxg3 Bc6 16. Rad1 a6 17. Ne2 Bxb2 18. c3 Bb5 19. c4 Bc6 20. Bc2 Bg7 21. e5 f5 22. exf6 Rxf6 23. Nd4 Bd7 24. Qh7+ Kf7 25. c5 d5 26. Bf5 Rc8 27. Re5 e6 28. Nxe6 Bxe6 29. Bxe6+ Rxe6 30. Rf5+ Rf6 31. Rfxd5 Qe7 32. Rd7 Rc7 33. Rxe7+ Rxe7 34. Rd6 Rc7 35. Qe4 Re7 36. Qd5+ Kg6 37. f4 gxf4 38. gxf4 Re1+ 39. Kh2 Re7 40. g4 Re2+ 41. Kg3 Re3+ 42. Kf2 Re7 43. Qf5+ Kf7 44. Rxf6+ Bxf6 45. g5 hxg5 46. fxg5 Re6 47. Kg3 b6 48. c6 1-0

[Event "Klatovy op-A 23rd"]
[Site "Klatovy"]
[Date "2017.07.01"]
[Round "1"]
[White "Krutsky, Martin"]
[Black "Vartazarian, Gor"]
[Result "1-0"]
[WhiteElo "2045"]
[BlackElo "1795"]
[PlyCount "65"]
[EventDate "2017.07.01"]
[EventType "swiss"]
[EventRounds "9"]
[EventCountry "CZE"]
[SourceTitle "EXT 2018"]
[Source "ChessBase"]
[SourceDate "2017.10.13"]
[SourceVersion "1"]
[SourceVersionDate "2017.10.13"]
[SourceQuality "1"]

1. e4 c5 2. Nf3 d6 3. d4 cxd4 4. Nxd4 Nf6 5. Nc3 a6 6. Be3 e5 7. Nb3 Be7 8. f3 Be6 9. Qd2 Nbd7 10. 0-0-0 h5 11. h3 b5 12. Rg1 Nb6 13. Qf2 Nc4 14. Bxc4 Bxc4 15. g4 h4 16. g5 Nd7 17. Rg4 Qc7 18. Rxh4 0-0-0 19. Rxh8 Rxh8 20. h4 a5 21. Nd2 b4 22. Nxc4 bxc3 23. b3 Kb7 24. Rd3 f6 25. gxf6 gxf6 26. Rxc3 f5 27. Bg5 Bxg5+ 28. hxg5 fxe4 29. fxe4 Rh1+ 30. Kb2 Nc5 31. Nxd6+ Qxd6 32. Qxc5 Qd1 33. Qc8+ 1-0

[Event "CZE-chT U18 Extraliga final-B 1617"]
[Site "Czech Republic"]
[Date "2017.04.21"]
[Round "8.1"]
[White "Krutsky, Martin"]
[Black "Vykouk, Jan"]
[Result "0-1"]
[WhiteElo "2105"]
[BlackElo "2428"]
[PlyCount "62"]
[EventDate "2016.10.01"]
[EventType "team-tourn"]
[EventRounds "11"]
[EventCountry "CZE"]
[SourceTitle "EXT 2022"]
[Source "ChessBase"]
[SourceDate "2021.10.06"]
[SourceVersion "1"]
[SourceVersionDate "2021.10.06"]
[SourceQuality "1"]
[WhiteTeam "Bustehrad U18"]
[BlackTeam "Jicin U18"]
[WhiteTeamCountry "CZE"]
[BlackTeamCountry "CZE"]

1. e4 c5 2. Nf3 d6 3. g3 Nf6 4. d3 Nc6 5. Bg2 d5 6. e5 Nd7 7. Qe2 e6 8. 0-0 Be7 9. c3 Qc7 10. Re1 0-0 11. Nbd2 b5 12. Nf1 Ba6 13. Bf4 Nb6 14. Rac1 Rab8 15. d4 Qb7 16. h4 b4 17. Qc2 bxc3 18. bxc3 cxd4 19. Nxd4 Nxd4 20. cxd4 Rfc8 21. Qd1 Nc4 22. Ne3 Nb2 23. Qg4 Nd3 24. Rxc8+ Rxc8 25. Rd1 Qb2 26. Nxd5 Qxf2+ 27. Kh2 exd5 28. Rxd3 Rc2 29. Rd2 Rxd2 30. Bxd2 Qxd2 31. Qd7 Bf1 0-1

[Event "CZE-chT U18 Extraliga West 1617"]
[Site "Czech Republic"]
[Date "2016.10.02"]
[Round "4.1"]
[White "Krutsky, Martin"]
[Black "Vystrcil, Martin"]
[Result "0-1"]
[WhiteElo "2105"]
[BlackElo "1983"]
[PlyCount "128"]
[EventDate "2016.10.01"]
[EventType "team-tourn"]
[EventRounds "11"]
[EventCountry "CZE"]
[SourceTitle "EXT 2022"]
[Source "ChessBase"]
[SourceDate "2021.10.06"]
[SourceVersion "1"]
[SourceVersionDate "2021.10.06"]
[SourceQuality "1"]
[WhiteTeam "Bustehrad U18"]
[BlackTeam "Ricany U18"]
[WhiteTeamCountry "CZE"]
[BlackTeamCountry "CZE"]

1. e4 Nf6 2. e5 Nd5 3. d4 d6 4. Nf3 g6 5. Bc4 c6 6. 0-0 Bg7 7. exd6 Qxd6 8. Re1 Bg4 9. c3 0-0 10. h3 Bxf3 11. Qxf3 e6 12. Nd2 Nd7 13. Ne4 Qc7 14. b3 b5 15. Bf1 N5f6 16. Ba3 Rfe8 17. Bd6 Qb7 18. Nxf6+ Nxf6 19. g3 Qd7 20. Be5 Nd5 21. Bxg7 Kxg7 22. Bg2 Rec8 23. c4 Nb6 24. Qc3 Kg8 25. a4 bxc4 26. bxc4 Qc7 27. h4 Rab8 28. h5 Qd8 29. hxg6 hxg6 30. a5 Nd7 31. Bh3 Qf6 32. Re3 Qg7 33. Rae1 Nf6 34. Rf3 Re8 35. Kf1 Nh7 36. Rfe3 Nf6 37. Bg2 Rbc8 38. Bf3 Nd7 39. Kg2 c5 40. d5 Qxc3 41. Rxc3 exd5 42. Rxe8+ Rxe8 43. cxd5 f5 44. Rb3 Rb8 45. Rxb8+ Nxb8 46. Kf1 Kf7 47. Ke2 Ke7 48. Kd3 Kd6 49. Kc4 a6 50. Be2 Nd7 51. Kc3 Kxd5 52. Bxa6 Kc6 53. Bc4 Nf6 54. Bd3 Ng4 55. f3 Ne5 56. Be2 g5 57. Bd3 Nxd3 58. Kxd3 Kb5 59. Kc3 Kxa5 60. Kc4 Kb6 61. f4 g4 62. Kd5 Kb5 63. Ke5 c4 64. Kxf5 c3 0-1

[Event "CZE-chT U18 Extraliga West 1617"]
[Site "Czech Republic"]
[Date "2016.10.01"]
[Round "1.1"]
[White "Liska, Jiri2222"]
[Black "Krutsky, Martin"]
[Result "1-0"]
[WhiteElo "2117"]
[BlackElo "2105"]
[PlyCount "55"]
[EventDate "2016.10.01"]
[EventType "team-tourn"]
[EventRounds "11"]
[EventCountry "CZE"]
[SourceTitle "EXT 2022"]
[Source "ChessBase"]
[SourceDate "2021.10.06"]
[SourceVersion "1"]
[SourceVersionDate "2021.10.06"]
[SourceQuality "1"]
[WhiteTeam "Liberec Desko U18"]
[BlackTeam "Bustehrad U18"]
[WhiteTeamCountry "CZE"]
[BlackTeamCountry "CZE"]

1. Nf3 d5 2. d4 c6 3. c4 e6 4. Qc2 Nf6 5. g3 Be7 6. Bg2 Nbd7 7. 0-0 0-0 8. b3 b6 9. Nc3 Bb7 10. Bb2 Rc8 11. Rfd1 Qc7 12. e4 dxe4 13. Ng5 Rfd8 14. Ngxe4 Nxe4 15. Nxe4 Nf6 16. c5 Nxe4 17. Bxe4 h6 18. b4 Bf6 19. Rac1 a5 20. b5 cxb5 21. c6 Ba6 22. Qe2 a4 23. d5 b4 24. Qxa6 Bxb2 25. d6 Rxd6 26. Rxd6 Bxc1 27. Rd7 Qb8 28. c7 1-0

[Event "EU-ch U18 26th"]
[Site "Prague"]
[Date "2016.08.19"]
[Round "2"]
[White "Percivaldi, Martin"]
[Black "Krutsky, Martin"]
[Result "1-0"]
[WhiteElo "2361"]
[BlackElo "2035"]
[PlyCount "120"]
[EventDate "2016.08.18"]
[EventType "swiss"]
[EventRounds "9"]
[EventCountry "CZE"]
[SourceTitle "CBM 174 Extra"]
[Source "ChessBase"]
[SourceDate "2016.10.10"]
[SourceVersion "1"]
[SourceVersionDate "2016.10.10"]
[SourceQuality "1"]

1. d4 Nf6 2. c4 g6 3. Nc3 Bg7 4. e4 0-0 5. Bd3 d6 6. Nge2 e5 7. d5 Na6 8. 0-0 Nc5 9. Bc2 a5 10. f3 Ne8 11. Be3 f5 12. exf5 gxf5 13. f4 e4 14. Qd2 Bd7 15. b3 Nf6 16. h3 b6 17. a3 Qe8 18. Bd4 Qg6 19. b4 Na6 20. Rab1 Kh8 21. Nd1 a4 22. Ne3 Rg8 23. Rf2 Nh5 24. Nc3 Bf6 25. Ne2 h6 26. Bxf6+ Nxf6 27. Nd4 Nh5 28. Bd1 Rae8 29. Rc1 Ng3 30. Nc6 Kh7 31. Bxa4 Qf6 32. Bd1 Qh4 33. Nd4 Rg4 34. Bxg4 fxg4 35. Ne2 gxh3 36. Nxg3 Qxg3 37. Rc3 hxg2 38. Rxg2 Qxf4 39. Qf2 Rf8 40. Qxf4 Rxf4 41. Rg3 Nb8 42. Rc2 Be8 43. Rcg2 Bf7 44. Rg4 Rxg4 45. Rxg4 Bg6 46. a4 Na6 47. Nc2 e3 48. Nxe3 Nxb4 49. Rg2 Nd3 50. a5 bxa5 51. Ra2 Be4 52. Rxa5 c6 53. Ra7+ Kg6 54. dxc6 Bxc6 55. Ra6 Ne5 56. Ng4 Nf3+ 57. Kf2 Nd4 58. Ke3 Nf5+ 59. Kd2 Bb7 60. Rb6 Kg5 1-0

[Event "CZE-chT2B 1516"]
[Site "Czech Republic"]
[Date "2016.03.13"]
[Round "9.6"]
[White "Krutsky, Martin"]
[Black "Cichy, Miroslav"]
[Result "1-0"]
[WhiteElo "2044"]
[BlackElo "2072"]
[PlyCount "51"]
[EventDate "2015.10.18"]
[EventType "team-tourn"]
[EventRounds "11"]
[EventCountry "CZE"]
[SourceTitle "EXT 2022"]
[Source "ChessBase"]
[SourceDate "2021.10.06"]
[SourceVersion "1"]
[SourceVersionDate "2021.10.06"]
[SourceQuality "1"]
[WhiteTeam "Teplice"]
[BlackTeam "Most Chess"]
[WhiteTeamCountry "CZE"]
[BlackTeamCountry "CZE"]

1. e4 c5 2. Nf3 Nc6 3. d4 cxd4 4. Nxd4 e5 5. Nb5 d6 6. c4 Nf6 7. N1c3 a6 8. Na3 Be7 9. Be2 Nd4 10. Be3 Nxe2 11. Qxe2 Be6 12. 0-0 0-0 13. f3 Rc8 14. Rac1 Nd7 15. Rfd1 Rc6 16. b3 Qa5 17. Na4 Rb8 18. Bd2 Qd8 19. Nc3 Bg5 20. Nc2 Bxd2 21. Rxd2 Qa5 22. Ne3 b5 23. Ncd5 Kf8 24. Rdc2 b4 25. Qe1 Qd8 26. Nxb4 1-0

[Event "Teplice op 10th"]
[Site "Teplice"]
[Date "2015.06.18"]
[Round "6"]
[White "Krutsky, Martin"]
[Black "Krehla, Milan"]
[Result "1-0"]
[WhiteElo "1940"]
[BlackElo "1812"]
[PlyCount "51"]
[EventDate "2015.06.13"]
[EventType "swiss"]
[EventRounds "9"]
[EventCountry "CZE"]
[SourceTitle "EXT 2017"]
[Source "ChessBase"]
[SourceDate "2016.10.25"]
[SourceVersion "1"]
[SourceVersionDate "2016.10.25"]
[SourceQuality "1"]

1. e4 e5 2. Nf3 Nc6 3. Bb5 Nf6 4. d3 d6 5. h3 Bd7 6. c3 a6 7. Ba4 Be7 8. 0-0 0-0 9. Re1 h6 10. Nbd2 Nh7 11. d4 exd4 12. cxd4 Nb4 13. Bb3 Nd3 14. Re3 Nf4 15. Nf1 Ng5 16. Ng3 Qc8 17. Nxg5 hxg5 18. Nh5 Ne6 19. Rg3 g6 20. Bxe6 fxe6 21. Bxg5 Bxg5 22. Rxg5 Qe8 23. Qg4 Kh7 24. Nf4 Rxf4 25. Qxf4 Qe7 26. Qh4+ 1-0

[Event "Teplice op 10th"]
[Site "Teplice"]
[Date "2015.06.15"]
[Round "3"]
[White "Toman, Ondrej"]
[Black "Krutsky, Martin"]
[Result "1-0"]
[WhiteElo "2177"]
[BlackElo "1940"]
[PlyCount "155"]
[EventDate "2015.06.13"]
[EventType "swiss"]
[EventRounds "9"]
[EventCountry "CZE"]
[SourceTitle "EXT 2017"]
[Source "ChessBase"]
[SourceDate "2016.10.25"]
[SourceVersion "1"]
[SourceVersionDate "2016.10.25"]
[SourceQuality "1"]

1. e4 c5 2. Nf3 d6 3. Bb5+ Nd7 4. d4 cxd4 5. Qxd4 e5 6. Qd3 a6 7. Bxd7+ Bxd7 8. Nc3 h6 9. Nd5 Nf6 10. Nxf6+ Qxf6 11. Be3 Qd8 12. Nd2 Rc8 13. a4 Qc7 14. c4 b6 15. 0-0 Be6 16. b3 g5 17. Nb1 Be7 18. Nc3 0-0 19. Rac1 Qb7 20. f3 Kg7 21. g4 h5 22. h3 Rh8 23. Kg2 Rh7 24. Nd5 hxg4 25. fxg4 Rch8 26. Rf3 Bd8 27. Rcf1 Rh6 28. Bg1 f6 29. Rg3 Qc6 30. Ne3 Bc7 31. Nf5+ Bxf5 32. Rxf5 Rb8 33. Rgf3 Bd8 34. Rf2 Be7 35. R5f3 Rhh8 36. Rd2 Kf7 37. Rf1 Rb7 38. Be3 Kg7 39. Qd5 Qxd5 40. Rxd5 Rc8 41. Ra1 Kf7 42. Rd3 Ke6 43. Kf2 Kd7 44. Ke2 Ke6 45. Rh1 Rh8 46. Bf2 Kd7 47. h4 gxh4 48. Rxh4 Rxh4 49. Bxh4 Ke6 50. Bf2 Bd8 51. Rd5 Rg7 52. Kf3 Rh7 53. Rd1 Rh3+ 54. Bg3 Rh7 55. Rc1 Rb7 56. Be1 Be7 57. Bd2 Rb8 58. Rh1 Kd7 59. Rh6 Kc6 60. Rh7 Re8 61. Be3 a5 62. Kg3 Bd8 63. Bf2 Rg8 64. Bg1 Rf8 65. Be3 Rg8 66. Rh1 Rf8 67. Rd1 Bc7 68. Bc1 Bd8 69. Rxd6+ Kxd6 70. Ba3+ Ke6 71. Bxf8 Kf7 72. Ba3 Kg6 73. c5 bxc5 74. Bxc5 Kg5 75. b4 axb4 76. Bxb4 Bb6 77. a5 Ba7 78. Be1 1-0

[Event "CZE-ch U16"]
[Site "Kouty nad Desnou"]
[Date "2015.03.14"]
[Round "9"]
[White "Liska, Jiri2222"]
[Black "Krutsky, Martin"]
[Result "1-0"]
[WhiteElo "2029"]
[BlackElo "1947"]
[PlyCount "81"]
[EventDate "2015.03.07"]
[EventType "swiss"]
[EventRounds "9"]
[EventCountry "CZE"]
[SourceTitle "EXT 2017"]
[Source "ChessBase"]
[SourceDate "2016.10.25"]
[SourceVersion "1"]
[SourceVersionDate "2016.10.25"]
[SourceQuality "1"]

1. Nf3 Nf6 2. c4 g6 3. g3 Bg7 4. Bg2 0-0 5. 0-0 d6 6. d4 Nc6 7. Nc3 a6 8. Qc2 Rb8 9. Rd1 Bd7 10. Bf4 b5 11. cxb5 axb5 12. d5 Na5 13. b4 Nc4 14. Nd4 Nh5 15. Bc1 e6 16. dxe6 fxe6 17. Ne4 Qe7 18. Bf3 Nf6 19. Bg5 Qf7 20. Nxf6+ Bxf6 21. Bxf6 Qxf6 22. a4 d5 23. axb5 Bxb5 24. Nxe6 Rf7 25. Nd4 c6 26. Ra5 Nxa5 27. bxa5 Ra7 28. Qc5 Rxa5 29. Nxc6 Bxc6 30. Qxa5 Rd8 31. Bxd5+ Kg7 32. e4 Qf3 33. Qxd8 Qxd1+ 34. Kg2 Bb5 35. Qe7+ Kh6 36. Qf8+ Kh5 37. h3 Bf1+ 38. Kh2 Bxh3 39. Qe7 Qg4 40. Qxh7+ Kg5 41. f4+ 1-0

[Event "CZE-ch U16"]
[Site "Kouty nad Desnou"]
[Date "2015.03.10"]
[Round "4"]
[White "Krutsky, Martin"]
[Black "Horak, Martin"]
[Result "1/2-1/2"]
[WhiteElo "1947"]
[BlackElo "2037"]
[PlyCount "81"]
[EventDate "2015.03.07"]
[EventType "swiss"]
[EventRounds "9"]
[EventCountry "CZE"]
[SourceTitle "EXT 2017"]
[Source "ChessBase"]
[SourceDate "2016.10.25"]
[SourceVersion "1"]
[SourceVersionDate "2016.10.25"]
[SourceQuality "1"]

1. e4 c5 2. Nf3 d6 3. d4 cxd4 4. Nxd4 Nf6 5. Nc3 g6 6. Bc4 Bg7 7. 0-0 0-0 8. Re1 Nc6 9. Bb3 Bd7 10. Bg5 h6 11. Bh4 Nxd4 12. Qxd4 g5 13. Bg3 Nh5 14. Qd3 b5 15. Rad1 Nxg3 16. hxg3 b4 17. Nb5 Qb6 18. Nd4 a5 19. Nf5 Bxf5 20. exf5 Ra7 21. c3 a4 22. Bc2 Bf6 23. c4 Rc8 24. b3 axb3 25. Bxb3 Rc5 26. g4 Kg7 27. Re3 Ra8 28. Rde1 Re5 29. Rxe5 dxe5 30. Rd1 Qd4 31. Qf3 e4 32. Rxd4 exf3 33. Rd7 fxg2 34. Kxg2 Rb8 35. Kf3 Rb6 36. Ke3 Rc6 37. Rb7 e6 38. fxe6 Rxe6+ 39. Kd3 Rd6+ 40. Ke2 Re6+ 41. Kd3 1/2-1/2

[Event "CZE-ch U16"]
[Site "Kouty nad Desnou"]
[Date "2015.03.07"]
[Round "1"]
[White "Parizek, Vojtech"]
[Black "Krutsky, Martin"]
[Result "0-1"]
[WhiteElo "1796"]
[BlackElo "1947"]
[PlyCount "62"]
[EventDate "2015.03.07"]
[EventType "swiss"]
[EventRounds "9"]
[EventCountry "CZE"]
[SourceTitle "EXT 2017"]
[Source "ChessBase"]
[SourceDate "2016.10.25"]
[SourceVersion "1"]
[SourceVersionDate "2016.10.25"]
[SourceQuality "1"]

1. e4 c5 2. Nf3 d6 3. d4 cxd4 4. Nxd4 Nf6 5. Nc3 a6 6. g3 e5 7. Nde2 Be7 8. Bg2 b5 9. 0-0 Nbd7 10. h3 Nb6 11. g4 b4 12. Nd5 Nfxd5 13. exd5 f5 14. gxf5 Bxf5 15. f4 Rc8 16. fxe5 Bxc2 17. Qd4 Nc4 18. exd6 Bf6 19. d7+ Qxd7 20. Rxf6 gxf6 21. Bh6 Qd6 22. Rc1 Ne5 23. Be4 Kd7 24. Bg2 Bd3 25. Re1 Qc5 26. Bg7 Rhg8 27. Qxc5 Rxc5 28. Nd4 Rxg7 29. Ne6 Rxg2+ 30. Kxg2 Rxd5 31. Nf4 Rd6 0-1